000 00447cam a2200181 4500
001 D14831
008 090401t1973 xxu||||| |||| 00| 0 eng d
035 _a(Sirsi) u18248
041 _aeng
050 _a526.909676
100 _aMacdonald, J.R.L.
245 _aSoldiering and surveying in British East Africa 1891-1894
260 _aFolkestone
_bDawsons
_c1973
300 _a333p. 22cm
350 _a8.5
942 _n0
948 _c04/03/1997
999 _c87585
_d87585